Foundations of Nursing (Record no. 391)

MARC details
000 -LEADER
Fixed length control field 00476nam a2200181Ia 4500
003 - CONTROL NUMBER IDENTIFIER
Control field IIN
005 - DATE AND TIME OF LATEST TRANSACTION
Control field 20240109120151.0
008 - FIXED-LENGTH DATA ELEMENTS--GENERAL INFORMATION
Fixed length control field 231217s9999 xx 000 0 und d
020 ## - INTERNATIONAL STANDARD BOOK NUMBER / ISBN
Price Rs.1295.00
International Standard Book Number 9788184489798
040 ## - CATALOGING SOURCE
Original cataloging agency IIN
Language of cataloging English
082 ## - DEWEY DECIMAL CLASSIFICATION NUMBER
Classification number 610.73
Book Number GOW
100 1# - MAIN ENTRY--PERSONAL NAME
Personal name Gowda, S.N. Nanjunde
245 1# - TITLE STATEMENT
Title Foundations of Nursing
Statement of responsibility S.N. Nanjunde Gowda
260 ## - IMPRINT
Name of publisher Jaypee
Place of publication Bengaluru
Date of publication 2010
300 ## - PHYSICAL DESCRIPTION
Page / Vol. No xxvi,[5] 723p.
650 1# - SUBJECT ADDED ENTRY--TOPICAL TERM
Topical term Foundation
Form subdivision Nursing
942 ## - ADDED ENTRY ELEMENTS (KOHA)
Koha item type Books
Holdings
Withdrawn status Lost status Source of classification Damaged status Not for loan Collection code Home library Current library Date acquired Price Total Checkouts Call number Accession number Date last seen Price effective from Koha item type
    Dewey Decimal Classification       IDEAL INSTITUTE OF NURSING IDEAL INSTITUTE OF NURSING 17/12/2023 1295.00   610.73 GOW 386 17/12/2023 17/12/2023 Books
© Ideal Institute Of Nursing, All rights reserved.         Powered by Koha